|
|
|
|
| LEADER |
01220cam a2200301 u 4500 |
| 001 |
10119767 |
| 003 |
upatras |
| 005 |
20220527090505.0 |
| 008 |
160405s1979 fr f fre |
| 020 |
|
|
|a 2707302554
|
| 040 |
|
|
|a GR-PaULI
|c GR-PaULI
|
| 041 |
0 |
|
|a fre
|
| 082 |
0 |
4 |
|a 194
|
| 100 |
1 |
|
|a Descombes, Vincent,
|d 1943-
|4 aut
|9 44153
|
| 245 |
0 |
0 |
|a Le meme et l'autre
|b quarante-cinq ans de philosophie francaise (1933-1978)
|c Vincent Descombes
|
| 260 |
|
|
|a Paris
|b Editions de Minuit
|c 1979
|
| 300 |
|
|
|a 224 σ.
|c 22 εκ.
|
| 490 |
0 |
|
|a Collection critique
|
| 504 |
|
|
|a Περιλαμβάνει βιβλιογραφικές παραπομπές
|
| 650 |
|
4 |
|a Φιλοσοφία, Γαλλική
|y 20ός αιώνας
|9 25649
|
| 650 |
|
4 |
|a Διαλεκτική (Φιλοσοφία)
|9 58419
|
| 650 |
|
4 |
|a Ανθρωπισμός
|9 7503
|
| 760 |
0 |
|
|a Collection critique
|
| 852 |
|
|
|a GR-PaULI
|b ΠΑΤΡΑ
|b ΦΙΛΟΣΟΦΙΑ
|k ΑΣΧΞ-4
|h 194 DES
|m 11193
|p 025000188737
|t 1
|
| 942 |
|
|
|2 ddc
|c BK15
|
| 952 |
|
|
|0 0
|1 0
|4 0
|6 194_000000000000000_DES
|7 0
|9 192141
|a PHIL
|b PHIL
|d 2016-04-24
|i 11193
|l 0
|o 194 DES
|p 025000188737
|r 2016-04-24 00:00:00
|t 1
|w 2016-04-24
|y BK15
|
| 998 |
|
|
|c ΚΑΝΕΛΛΟΠΟΥΛΟΥ
|d 2016-04
|
| 999 |
|
|
|c 117812
|d 117812
|